Statistiques concernant Football quiz N°6

Cliquez ici pour prendre le quiz!

Statistiques générales

  • Ce quiz a été pris 212 fois
  • Le résultat moyen est 9 sur 15

Statistiques - réponses

QuestionsRéponse% Correct
Joueur malheureusement décédé dans le vol lors de son transfert a CardiffEmiliano Sala
92%
Nationalité de Alphonso DaviesCanada
85%
Joueur ayant le plus de sélection en Equipe de France (145)Hugo Lloris
85%
Club ayant gagné 14 fois la FA CUPArsenal
73%
Qui offre les prolongations au Real Madrid pendant la finale de la LDC 2014Sergio Ramos
72%
Joueur qui a impressionné Luis Enrique lors de MAROC-ESPAGNEOunahi
64%
Joueur passé par OL, OM, PSG, Bordeaux et LilleBen Arfa
63%
Brésilien qui a le même nom qu'un célèbre philosophe grec datant d'avant J-CSocrates
63%
Nom du trophée pour le meilleur buteur européen de tout les championnats confondus en une saisonSoulier d'or
59%
Nom du 3eme buteur Argentin lors de France-Argentine de la coupe du monde 2018Aguero
57%
Francais transféré de Nice a Newcastle en 2019Saint Maximin
55%
Club de Vinicius Jr avant le Real MadridCR Flamengo
47%
Joueur ayant inscrit le triplé le plus rapide de la PL (2m56 secondes)Mané
46%
quel gardien a le record d'arrêt dans un match de Bundesliga (19)Yann Sommer
44%
Surnom du Real MadridLos Blancos
17%

Distribution des résultats

Percentile par nombre de réponses

% des personnes avec chaque résultat

Votre développement - résultats

Vous n’avez pas pris ce quiz